Hamilton Lyrics Sort #10 - Helpless - Statistics

General Stats
  • This quiz has been taken 14 times
  • The average score is 35 of 76
Answer Stats
Hint Answer % Correct
Line 10 Everybody's dancin' and the band's top volume
100%
Line 12 Grab a sister and whisper, "Yo, this one's mine" (ooh)
100%
Line 11 Grind to the rhythm as we wine and dine
100%
Line 5 I have never been the type to try and grab the spotlight
100%
Line 13 My sister made her way across the room to you (ooh)
100%
Line 8 Then you walked in, and my heart went "boom"
100%
Line 9 Tryin' to catch your eye from side of the ballroom
100%
Line 6 We were at a revel with some rebels on a hot night
100%
Line 7 Laughin' at my sister as she's dazzling the room
86%
Line 15 She grabs you by the arm, I'm thinking I'm through (ooh)
86%
Line 14 And I got nervous, thinking, what's she gonna do? (Ooh)
71%
Line 1 Boy, you got me helpless
71%
Line 2 Look into your eyes, and the sky's the limit [1]
71%
Line 40 And I'm tryin' not to cry, 'cause there's nothing that your mind can't do (ooh)
57%
Line 44 And you turn back to me smiling
57%
Line 43 But then he shakes your hand and says, "Be true" (ooh)
57%
Line 4 Down for the count, and I'm drownin' in 'em [1]
57%
Line 39 I'm dying inside as you wine and dine
57%
Line 3 I'm helpless [1]
57%
Line 17 I'm helpless [2]
57%
Line 36 I'm just sayin', if you really loved me, you would share him (ha)
57%
Line 42 I panic for a second, thinking we're through (ooh)
57%
Line 35 Laughin' at my sister 'cause she wants to form a harem
57%
Line 41 My father makes his way across the room to you (ooh)
57%
Line 38 My father's stone-faced while you ask him for his blessin'
57%
Line 34 Now my life gets better every letter that you write me
57%
Line 33 One week later, I'm writin' a letter nightly
57%
Line 16 Then you look back at me, and suddenly
57%
Line 37 Two weeks later, in the living room stressin'
57%
Line 56 A couple of college credits and my top-notch brain
43%
Line 55 All I have is my honor, a tolerance for pain
43%
Line 54 An acre of land, a troop to command, a dollop of fame
43%
Line 64 As long as I'm alive, Eliza, swear to god you'll never feel so
43%
Line 63 But, I'll never forget my mother's face, that was real
43%
Line 28 Elizabeth Schuyler, it's a pleasure to meet you
43%
Line 53 Eliza, I don't have a dollar to my name
43%
Line 31 If it takes fighting a war for us to meet, it will have been worth it
43%
Line 32 I'll leave you to it
43%
Line 26 I'm about to change your life
43%
Line 74 In New York, you can be a new man [1]
43%
Line 75 In New York, you can be a new man [2]
43%
Line 76 In New York, you can be a new man (helpless)
43%
Line 57 Insane, your family brings out a different side of me
43%
Line 61 I've been livin' without a family since I was a child
43%
Line 62 My father left, my mother died, I grew up buck wild
43%
Line 59 No stress, my love for you was never in doubt
43%
Line 18 Oh, look at those eyes, oh (look into your eyes, and the sky's the limit)
43%
Line 58 Peggy confides in me, Angelica tried to take a bite of me
43%
Line 29 Schuyler? (My sister)
43%
Line 30 Thank you for all your service
43%
Line 27 Then by all means, lead the way
43%
Line 60 We'll get a little place in Harlem and we'll figure it out
43%
Line 20 Down for the count, and I'm drownin' in 'em [2]
29%
Line 66 Eliza (helpless) (I do, I do, I do)
29%
Line 65 (Helpless) I do, I do, I do
29%
Line 49 Helpless (that boy is mine, that boy is mine, ooh)
29%
Line 51 I'm helpless (helpless) (whoo)
29%
Line 19 I'm helpless, I know [1]
29%
Line 67 I never felt so (helpless)
29%
Line 25 Where are you taking me?
29%
Line 73 (Down for the count, and I'm drownin' in 'em) [3]
14%
Line 48 Down for the count, and I'm drownin' in 'em (whoo!)
14%
Line 52 Down for the count (yeah), and I'm drownin' in 'em
14%
Line 21 (Helpless) I am so into you
14%
Line 71 Helpless (I look into your eyes, and the sky's the limit, I'm)
14%
Line 70 Helpless (yo, my life is gon' be fine 'cause Eliza's in it)
14%
Line 24 I'm down for the count, and I'm drownin' in em
14%
Line 45 I'm helpless [3]
14%
Line 47 I'm helpless (helpless)
14%
Line 23 I'm helpless (I know) [2]
14%
Line 46 (Look into your eyes, and the sky's the limit) [2]
14%
Line 50 Look into your eyes, and the sky's the limit [3]
14%
Line 22 (Look into your eyes and the sky's the limit) I am so into you
14%
Line 68 Yeah, yeah
14%
Line 69 Down for the count, and I'm drownin' in 'em (down for a count, and I'm-)
0%
Line 72 Helpless
0%
No matching quizzes found
Score Distribution
Percent of People with Each Score
Percentile by Number Answered
Your Score History
You have not taken this quiz